Statistics for Every Internationally Divided Island

Click here to take the quiz!

General Stats

  • This quiz has been taken 53 times
  • The average score is 6 of 12

Answer Stats

ContinentAnswer% Correct
AsiaBorneo
92%
North AmericaHispaniola
92%
EuropeIreland
90%
Asia/OceaniaNew Guinea
90%
AsiaTimor
63%
South AmericaTierra Del Fuego
58%
North AmericaSaint Martin
56%
EuropeUsedom
19%
EuropeMärket
8%
EuropeKataja
4%
AsiaSebatik
4%
EuropeKoiluoto
2%

Score Distribution

Percentile by Number Answered

Percent of People with Each Score

Your Score History

You have not taken this quiz